Movies Quiz

Random Movies or Clickable Quiz

30 in 90: Female Movie Leads Quiz Stats

 Plays Quiz Updated Sep 26, 2014

Challenge
Share
Tweet
Embed
Score 0/30 Timer 01:30
11 Plays Today
% Correct
Winslet, Kate
80.5%
Lawrence, Jennifer
78.5%
Witherspoon, Reese
78.3%
Roberts, Julia
77.8%
Portman, Natalie
77.1%
Diaz, Cameron
76%
Foster, Jodie
75.9%
Garland, Judy
75.4%
Bullock, Sandra
74.3%
Swank, Hilary
74.2%
Ryan, Meg
74.1%
Andrews, Julie
73.9%
Hepburn, Audrey
73.8%
Weaver, Sigourney
73.7%
Monroe, Marilyn
66.6%
% Correct
Bates, Kathy
66%
Stone, Sharon
65.6%
Paltrow, Gwyneth
65.1%
Cher
62.3%
Bergman, Ingrid
57.2%
Leigh, Vivien
56.7%
Close, Glenn
56.4%
Hawn, Goldie
55.5%
Minnelli, Liza
54.9%
Tandy, Jessica
52.1%
Sarandon, Susan
50.2%
Streep, Meryl
49.4%
Spacek, Sissy
49.1%
Taylor, Elizabeth
38.1%
Dunaway, Faye
30.5%

You're not logged in!

Compare scores with friends on all Sporcle quizzes.
OR
Log In

You Might Also Like...

Show Comments

Extras

Top Quizzes Today


Score Distribution

Your Account Isn't Verified!

In order to create a playlist on Sporcle, you need to verify the email address you used during registration. Go to your Sporcle Settings to finish the process.

Report this User

Report this user for behavior that violates our Community Guidelines.

Details: